000 00289nam a22001337a 4500
008 190305b xxu||||| |||| 00| 0 eng d
020 _a0195058453
041 _aeng
080 _a338
100 _a52
101 _aMNG
245 _aModern Competitive Analysis
_cOster
942 _2udc
_cBK
999 _c54529
_d54529